000
002830000a22000970004500
100
1
_a
Soesilo, Daud
245
1
0
_a
La traducción de las secciones poéticas de Daniel 1-6
300
_a
Vol. 9, Num. 1 (I Semestre, 1999), Páginas 6-10
773
0
_t
Traducción de la Biblia
942
_c
ANA
999
_c
52708
_d
52708